• 首页
  • 本馆介绍
  • 公告通知
  • 最新文献
  • 馆藏检索
  • 电子资源
  • 读者导购
  • 参考咨询
  • 我的图书馆
  • 登录
  • 详细信息显示
  • 放入我的书架
  • 预约/预借图书
  • 作者相关作品
  • 分类相关作品
  • 丛书相关作品
  • 出版社相关作品

书目信息

  • 表格格式
  • 工作单格式
  • 卡片格式
题名:
意韵
    
 
作者: 任亚 主编
分册:  
出版信息: 北京   中国铁道出版社  2018.11
页数: 117页
开本: 26cm
丛书名: 抒心作文系列丛书
单 册:
中图分类: H152.1
科图分类:
主题词: 作文课--zuo wen ke--小学--教学参考资料
电子资源:
ISBN: 978-7-113-25030-0
000 00904nam 2200265 450
001 0104125607
005 20201104125711.0
010    @a978-7-113-25030-0@dCNY42.00
100    @a20190921d2018 em y0chiy50 ea
101 0  @achi
102    @aCN@b110000
105    @aa z 000yy
106    @ar
200 1  @a意韵@Ayi yun@f任亚主编
210    @a北京@c中国铁道出版社@d2018.11
215    @a117页@c图@d26cm
225 2  @a抒心作文系列丛书@Ashu xin zuo wen xi lie cong shu@i笔韵篇
330    @a本书共分为十二课,主要内容包括:小小话题谈观点,点点作文叙生活;固定命题作文易,人事景物全适用;补题明义方法多,确定文章大主旨;材料作文多分析,写作思路自然清等。
461  0 @12001 @a抒心作文系列丛书
462  0 @12001 @a笔韵篇
606 0  @a作文课@Azuo wen ke@x小学@j教学参考资料
690    @aH152.1@v5
701  0 @a任亚@Aren ya@4主编
801  0 @aCN@bBJSZM@c20201104
905    @b1259501-5@dH152.1@e543@f5
    
    意韵/任亚主编.-北京:中国铁道出版社,2018.11
    117页:图;26cm.-(抒心作文系列丛书.笔韵篇)
    
    
    ISBN 978-7-113-25030-0:CNY42.00
    本书共分为十二课,主要内容包括:小小话题谈观点,点点作文叙生活;固定命题作文易,人事景物全适用;补题明义方法多,确定文章大主旨;材料作文多分析,写作思路自然清等。
●
相关链接 在E读中查询图书 在五车中查询图书 在当当中查询图书 在豆瓣中查询图书


正题名:意韵     索取号:H152.1/543         预约/预借

序号 登录号 条形码 馆藏地/架位号 状态 备注
1 1259501   212595011   第二样本阅览室/ [索取号:H152.1/543] 在馆    
2 1259502   212595020   教育系资料室/ [索取号:H152.1/543] 在馆    
3 1259503   212595039   教育系资料室/ [索取号:H152.1/543] 在馆    
4 1259504   212595048   第四借阅区/ [索取号:H152.1/543] 在馆    
5 1259505   212595057   第四借阅区/ [索取号:H152.1/543] 在馆    
唐山师范学院图书馆 欢迎您!
大连网信软件有限公司© 版权所有